• 首页
  • 本馆介绍
  • 公告通知
  • 最新文献
  • 馆藏检索
  • 电子资源
  • 读者导购
  • 参考咨询
  • 我的图书馆
  • 登录
  • 详细信息显示
  • 放入我的书架
  • 预约/预借图书
  • 作者相关作品
  • 分类相关作品
  • 丛书相关作品
  • 出版社相关作品

书目信息

  • 表格格式
  • 工作单格式
  • 卡片格式
题名:
幼儿心理健康教育
    
 
作者: 刘文 编著
分册:  
出版信息: 北京   中国轻工业出版社  2008.10
页数: 252页
开本: 25cm
丛书名: 师生心理成长丛书
单 册:
中图分类: B844.12
科图分类:
主题词: 学前儿童--心理卫生 , 学前儿童 , 心理卫生
电子资源:
ISBN: 978-7-5019-6608-0
000 00924oam2 2200277 450
001 010010019946
005 20120419155300.40
010    @a978-7-5019-6608-0@dCNY25.00
100    @a20081031d2008 em y0chiy0110 ea
101 0  @achi
102    @aCN@b110000
105    @aak z 000yy
106    @ar
200 1  @a幼儿心理健康教育@9you er xin li jian kang jiao yu@f刘文编著
210    @a北京@c中国轻工业出版社@d2008.10
215    @a252页@c图@d25cm
225 2  @a师生心理成长丛书
330    @a本书内容包括:影响幼儿心理健康的因素、幼儿老师与幼儿心理健康、幼儿游戏发展与指导、幼儿认知能力发展与指导、幼儿情绪发展与培养、幼儿人际关系发展与指导等。
461  0 @12001 @a师生心理成长丛书@1701 0@a林崇德@4主编
606 0  @a学前儿童@x心理卫生
606 0  @a学前儿童
606 0  @a心理卫生
690    @aB844.12@v4
701  0 @a刘文@9liu wen@4编著
801  0 @aCN@bRENTIAN@c20081031
905    @b537996-8000@dB844.12@e1070@f5
    
    幼儿心理健康教育/刘文编著.-北京:中国轻工业出版社,2008.10
    252页:图;25cm.-(师生心理成长丛书)
    
    
    ISBN 978-7-5019-6608-0:CNY25.00
    本书内容包括:影响幼儿心理健康的因素、幼儿老师与幼儿心理健康、幼儿游戏发展与指导、幼儿认知能力发展与指导、幼儿情绪发展与培养、幼儿人际关系发展与指导等。
●
相关链接 在E读中查询图书 在五车中查询图书 在当当中查询图书 在豆瓣中查询图书


正题名:幼儿心理健康教育     索取号:B844.12/1070         预约/预借

序号 登录号 条形码 馆藏地/架位号 状态 备注
1 537996   205379963   第一样本阅览室/ [索取号:B844.12/1070] 在馆    
2 537997   205379972   第一借阅区/ [索取号:B844.12/1070] 在馆    
3 537998   205379981   第一借阅区/ [索取号:B844.12/1070] 在馆    
4 537999   205379990   第一借阅区/ [索取号:B844.12/1070] 在馆    
5 538000   205380005   第一借阅区/ [索取号:B844.12/1070] 在馆    
唐山师范学院图书馆 欢迎您!
大连网信软件有限公司© 版权所有